| 000 | 00786cam a2200205 4500 | ||
|---|---|---|---|
| 001 | WB3607-14 | ||
| 008 | 000000n2000 000 0 eng u | ||
| 035 | _a(Sirsi) u104205 | ||
| 245 | _aCentres head onto Net to counter e-tail threat | ||
| 260 | _c2000 | ||
| 490 |
_aRetail Week _v 11 February 2000, 18(1) |
||
| 520 | _aJones Lang LaSalle is working with a number of shopping centre owners to establish internet portals. The individual retailers who signed up to the portals would then have to pay the owner a percentage of any revenue generated through the site. | ||
| 590 | _aWB | ||
| 650 | _aSHOPPING CENTRES | ||
| 650 | _aINTERNET PORTALS | ||
| 650 | _aWEB SITES | ||
| 650 | _aJONES LANG LASALLE | ||
| 690 | _aPROPERTY-COMMERCIAL PROPERTY-RETAIL PROPERTY | ||
| 942 | _n0 | ||
| 999 |
_c62532 _d62532 |
||